<?xml version="1.0" encoding="UTF-8"?>
<record
    xmlns:xsi="http://www.w3.org/2001/XMLSchema-instance"
    xsi:schemaLocation="http://www.loc.gov/MARC21/slim http://www.loc.gov/standards/marcxml/schema/MARC21slim.xsd"
    xmlns="http://www.loc.gov/MARC21/slim">

  <leader>01375nam a22002417a 4500</leader>
  <controlfield tag="003">OSt</controlfield>
  <controlfield tag="005">20190920104221.0</controlfield>
  <controlfield tag="008">180220b        xxu||||| |||| 00| 0 spa d</controlfield>
  <datafield tag="020" ind1=" " ind2=" ">
    <subfield code="a">95014039004</subfield>
  </datafield>
  <datafield tag="040" ind1=" " ind2=" ">
    <subfield code="c">PJ</subfield>
  </datafield>
  <datafield tag="100" ind1=" " ind2=" ">
    <subfield code="9">3308</subfield>
    <subfield code="a">Fornaciari, Mario Alberto</subfield>
  </datafield>
  <datafield tag="245" ind1="1" ind2="0">
    <subfield code="a">Modos anormales de terminaci&#xF3;n del proceso :</subfield>
    <subfield code="b">tomo III /</subfield>
    <subfield code="c">Mario Alberto Fornaciari.</subfield>
  </datafield>
  <datafield tag="260" ind1=" " ind2=" ">
    <subfield code="a">Buenos Aires :</subfield>
    <subfield code="b">Depalma, </subfield>
    <subfield code="c">1991.</subfield>
  </datafield>
  <datafield tag="300" ind1=" " ind2=" ">
    <subfield code="a">263 p.</subfield>
    <subfield code="c">23 cm.</subfield>
  </datafield>
  <datafield tag="490" ind1=" " ind2=" ">
    <subfield code="a">An&#xE1;lisis Te&#xF3;rico Pr&#xE1;ctico del Derecho Procesal Civil</subfield>
    <subfield code="v">III</subfield>
  </datafield>
  <datafield tag="500" ind1=" " ind2=" ">
    <subfield code="a">Notas y citas a pie de p&#xE1;gina.
</subfield>
  </datafield>
  <datafield tag="504" ind1=" " ind2=" ">
    <subfield code="a">Bibliograf&#xED;a: p. 259-263.</subfield>
  </datafield>
  <datafield tag="505" ind1=" " ind2=" ">
    <subfield code="a">Contenido:
Nociones generales -- Aspectos subjetivos de la caducidad de instancia -- Divisibilidad o indivisibilidad de la instancia -- Los plazos de la caducidad de la instancia -- Procedencia e improcedencia de la caducidad de instancia (distintos supuestos) -- Interrupci&#xF3;n y suspensi&#xF3;n de los plazos de caducidad de la instancia -- Subsanaci&#xF3;n de la perenci&#xF3;n de instancia -- Caducidad de la segunda instancia -- El incidente de perenci&#xF3;n de la instancia -- Efectos de la perenci&#xF3;n de la instancia -- Responsabilidad de los profesionales en la caducidad de la instancia.</subfield>
  </datafield>
  <datafield tag="650" ind1=" " ind2="0">
    <subfield code="a">DERECHO PROCESAL</subfield>
    <subfield code="9">267</subfield>
  </datafield>
  <datafield tag="650" ind1=" " ind2="0">
    <subfield code="a">TERMINACION DEL PROCESO</subfield>
    <subfield code="9">1934</subfield>
  </datafield>
  <datafield tag="650" ind1=" " ind2="0">
    <subfield code="a">CADUCIDAD DE INSTANCIA</subfield>
    <subfield code="9">1935</subfield>
  </datafield>
  <datafield tag="942" ind1=" " ind2=" ">
    <subfield code="2">udc</subfield>
    <subfield code="c">LIB</subfield>
    <subfield code="h">347.933</subfield>
    <subfield code="i">FOR</subfield>
  </datafield>
  <datafield tag="999" ind1=" " ind2=" ">
    <subfield code="c">2112</subfield>
    <subfield code="d">2112</subfield>
  </datafield>
  <datafield tag="952" ind1=" " ind2=" ">
    <subfield code="0">0</subfield>
    <subfield code="1">0</subfield>
    <subfield code="2">udc</subfield>
    <subfield code="4">0</subfield>
    <subfield code="7">0</subfield>
    <subfield code="a">DJS</subfield>
    <subfield code="b">DJS</subfield>
    <subfield code="d">2018-11-29</subfield>
    <subfield code="h">V. 3</subfield>
    <subfield code="o">347.933 FOR</subfield>
    <subfield code="p">2935</subfield>
    <subfield code="r">2018-11-29</subfield>
    <subfield code="w">2018-11-29</subfield>
    <subfield code="y">LIB</subfield>
  </datafield>
  <datafield tag="952" ind1=" " ind2=" ">
    <subfield code="0">0</subfield>
    <subfield code="1">0</subfield>
    <subfield code="2">udc</subfield>
    <subfield code="4">0</subfield>
    <subfield code="7">0</subfield>
    <subfield code="a">DJN</subfield>
    <subfield code="b">DJN</subfield>
    <subfield code="d">2018-11-29</subfield>
    <subfield code="h">V. 3</subfield>
    <subfield code="o">347.933 FOR</subfield>
    <subfield code="p">RG 3714</subfield>
    <subfield code="r">2024-12-01</subfield>
    <subfield code="w">2018-11-29</subfield>
    <subfield code="y">LIB</subfield>
  </datafield>
</record>
